Válaszúton az emberiség
Elmentve itt :
| Szerző: | |
|---|---|
| Adatforrás: | Meister |
| Forrásdokumentuma: | A Hét. - 6 sz., 1994, 11-12 p. |
| Nyelv: | magyar |
| Kulcsszavak: | kultúrfilozófia tudományfilozófia tudomány & vallás vallás & tudomány tudomány & művészet művészet & tudomány művészet vallás tudomány |
| LEADER | 00596nab a2200217 i 4500 | ||
|---|---|---|---|
| 001 | bibPRO00003528 | ||
| 008 | 060524s1994 xx hun | ||
| 040 | |a Sz1 | ||
| 041 | |a hun | ||
| 100 | 1 | |a LIPTÁK Béla | |
| 245 | 1 | 0 | |a Válaszúton az emberiség |c LIPTÁK Béla |
| 695 | |a kultúrfilozófia | ||
| 695 | |a tudományfilozófia | ||
| 695 | |a tudomány & vallás | ||
| 695 | |a vallás & tudomány | ||
| 695 | |a tudomány & művészet | ||
| 695 | |a művészet & tudomány | ||
| 695 | |a művészet | ||
| 695 | |a vallás | ||
| 695 | |a tudomány | ||
| 773 | 0 | |t A Hét. - |g 6 sz., 1994, 11-12 p. | |